Gaming Quiz

Random Gaming or Clickable Quiz

Sims 2 Expansion Packs Neighborhoods Quiz Stats

 Plays Quiz not verified by Sporcle

Support Sporcle.
Go Orange.
Score 0/14 Timer 01:30
0 Plays Today
% Correct
University
92.5%
University
92.5%
Base Game
91.7%
University
91.7%
Bon Voyage
91.7%
Base Game
91%
Base Game
90.2%
% Correct
Nightlife
90.2%
Bon Voyage
89.5%
Bon Voyage
87.2%
Apartment Life
78.9%
Open For Business
77.4%
Seasons
75.9%
Freetime
69.9%

You're not logged in!

Compare scores with friends on all Sporcle quizzes.
OR
Log In

From the Vault

Literature... By 14 Other Categories!

by SporcleEXP

You gotta leverage your strong category to help you with the other ones.
Remove Ads.
Support Sporcle.
Get the best of Sporcle when you Go Orange. This ad-free experience offers more features, more stats, and more fun while also helping to support Sporcle. Thank you for becoming a member.

Show Comments

Extras

Top Quizzes Today


Score Distribution

Your Account Isn't Verified!

In order to create a playlist on Sporcle, you need to verify the email address you used during registration. Go to your Sporcle Settings to finish the process.

Report this User

Report this user for behavior that violates our Community Guidelines.

Details: